Ryan v London Borough of Islington (Record no. 81670)
[ view plain ]
| 000 -LEADER | |
|---|---|
| fixed length control field | 01697cad a22002175a 4500 |
| 001 - CONTROL NUMBER | |
| control field | L147881 |
| 008 - FIXED-LENGTH DATA ELEMENTS--GENERAL INFORMATION | |
| fixed length control field | 090625e20090618xxk f v 000 0 eng d |
| 035 ## - SYSTEM CONTROL NUMBER | |
| System control number | (Sirsi) u147881 |
| 041 0# - LANGUAGE CODE | |
| Language code of text/sound track or separate title | eng |
| 245 04 - TITLE STATEMENT | |
| Title | Ryan v London Borough of Islington |
| Medium | [electronic resource] |
| 260 ## - PUBLICATION, DISTRIBUTION, ETC. | |
| Date of publication, distribution, etc. | 2009 |
| 520 ## - SUMMARY, ETC. | |
| Summary, etc. | [2009] EWCA Civ 578, 19 June 2009. The case relates to the remedying of subsidence to a local authority flat subject to a right to buy. Ms Ryan (R) had a secure tenancy of a local authority flat. She served notice of her right to buy in January 2003. In June 2003, L noted that specialist works were required, indicating subsidence. The valuer's report did not mention subsidence, however a subsequent inspection diagnosed subsidence to the rear extension. The repairs were not done. R appealed against an order specifying dismissal of her claims for a declaration that her right to buy the property was not withdrawn and for damages in the loss of her right to buy. "Held": Subsidence was not a structural defect. Part V of the Housing Act 1985 contained nothing giving the right of a purchasing tenant to insist on having any structural defects or any items of disrepair to be remedied before completion. L could not be taken to have accepted responsibility for this type of loss. The appeal is dismissed. |
| 590 ## - LOCAL NOTE (RLIN) | |
| Local note | KA |
| 650 24 - SUBJECT ADDED ENTRY--TOPICAL TERM | |
| Topical term or geographic name entry element | RYAN V LONDON BOROUGH OF ISLINGTON |
| 650 24 - SUBJECT ADDED ENTRY--TOPICAL TERM | |
| Topical term or geographic name entry element | R V SOS ENVIRONMENT EX P O'BYRNE |
| 650 24 - SUBJECT ADDED ENTRY--TOPICAL TERM | |
| Topical term or geographic name entry element | HOUSING ACT 1985 |
| 651 #4 - SUBJECT ADDED ENTRY--GEOGRAPHIC NAME | |
| Geographic name | England and Wales |
| Chronological subdivision | 1543- |
| 690 ## - LOCAL SUBJECT ADDED ENTRY--TOPICAL TERM (OCLC, RLIN) | |
| Topical term or geographic name as entry element | BUILT ENVIRONMENT-BUILDING PATHOLOGY-SUBSIDENCE |
| 856 40 - ELECTRONIC LOCATION AND ACCESS | |
| Uniform Resource Identifier | <a href="https://www.bailii.org/ew/cases/EWCA/Civ/2009/578.html">https://www.bailii.org/ew/cases/EWCA/Civ/2009/578.html</a> |
| Public note | View the case free of charge at www.bailli.org... |
| 942 ## - ADDED ENTRY ELEMENTS (KOHA) | |
| Suppress in OPAC | 0 |
| Withdrawn status | Lost status | Source of classification or shelving scheme | Damaged status | Not for loan | Home library | Current library | Shelving location | Date acquired | Total Checkouts | Full call number | Barcode | Date last seen | Copy number | Price effective from | Koha item type |
|---|---|---|---|---|---|---|---|---|---|---|---|---|---|---|---|
| Dewey Decimal Classification | Virtual | Virtual | Online | 25/06/2009 | ONLINE JUDGMENT | 147881-2001 | 06/08/2019 | 1 | 06/08/2019 | Law report |